Resumen de las acciones virtuosas que ha de premiar la Sociedad Económica Matritense... en la sesión pública que ha de celebrar en el salón del Real Conservatorio de Música y Declamación el día 19 de marzo de 1861, bajo la presidencia de S.S.M.M., cuyos premios corresponden al concurso de dicho año / (Record no. 165473)

MARC details
000 -LEADER
campo de control de longitud fija 01992nam a2200301 i 4500
001 - NÚMERO DE CONTROL
campo de control 165473
003 - IDENTIFICADOR DE NÚMERO DE CONTROL
campo de control ES-MaACL
005 - FECHA Y HORA DE LA ÚLTIMA TRANSACCIÓN
campo de control 20250902100424.0
008 - DATOS DE LONGITUD FIJA--INFORMACIÓN GENERAL
campo de control de longitud fija 931025s1861 sp |||| | spa d
080 ## - NÚMERO DE LA CLASIFICACIÓN DECIMAL UNIVERSAL
Número de la Clasificación Decimal Universal 061.235(460.27 M.).068
110 2# - ENTRADA PRINCIPAL--NOMBRE DE ENTIDAD CORPORATIVA
Nombre de entidad corporativa o nombre de jurisdicción como elemento de entrada Real Sociedad Económica Matritense de Amigos del País.
9 (RLIN) 6389
245 10 - MENCIÓN DEL TÍTULO
Título Resumen de las acciones virtuosas que ha de premiar la Sociedad Económica Matritense... en la sesión pública que ha de celebrar en el salón del Real Conservatorio de Música y Declamación el día 19 de marzo de 1861, bajo la presidencia de S.S.M.M., cuyos premios corresponden al concurso de dicho año /
Mención de responsabilidad, etc. [el secretario general, Pablo Abejón].
260 ## - PUBLICACIÓN, DISTRIBUCIÓN, ETC.
Lugar de publicación, distribución, etc. Madrid :
Nombre del editor, distribuidor, etc. [s.n.],
Fecha de publicación, distribución, etc. 1861 (
Fabricante Imp. Nacional)
300 ## - DESCRIPCIÓN FÍSICA
Extensión 42 p., 1 h. ;
Dimensiones 26 cm.
505 8# - NOTA DE CONTENIDO CON FORMATO
Nota de contenido con formato Contiene: Himno / letra de Braulio Antón Ramírez . Las tres bellezas: versos a la virtud / Juan Eugenio Hartzenbuch . Lista de los donativos hechos... a la Sociedad Económica Matritense con destino al fondo de premios a la virtud
530 ## - NOTA DISPONIBLE DE FORMULARIO FÍSICO ADICIONAL
Nota de formato físico adicional disponible Disponible en formato digital.
594 ## - Nota al título y mención de responsabilidad
Nota al título y mención de responsabilidad Autor tomado de p. 22
610 27 - PUNTO DE ACCESO ADICIONAL DE MATERIA--NOMBRE DE ENTIDAD CORPORATIVA
Nombre de entidad corporativa o nombre de jurisdicción como elemento de entrada Real Sociedad Económica Matritense de Amigos del País-
Subdivisión general Premios
Fuente del encabezamiento o término
9 (RLIN) 160848
700 1# - ENTRADA AGREGADA--NOMBRE PERSONAL
Nombre de persona Abejón, Pablo,
Fechas asociadas al nombre fl. 1857
9 (RLIN) 18027
700 1# - ENTRADA AGREGADA--NOMBRE PERSONAL
Nombre de persona Antón Ramírez, Braulio,
Fechas asociadas al nombre 1823-1892
9 (RLIN) 21953
700 1# - ENTRADA AGREGADA--NOMBRE PERSONAL
Nombre de persona Hartzenbusch, Juan Eugenio,
Fechas asociadas al nombre 1806-1880
9 (RLIN) 62011
852 4# - LOCALIZACIÓN
Ubicación ES-MaACL
Número de control de estantería T-60-F-13
Nota libre - Enc. hol., falto de cub. original
-- - Enc. en un vol. facticio
852 4# - LOCALIZACIÓN
Ubicación ES-MaACL
Número de control de estantería T-64-F-2
Nota libre - Enc. hol., falto de cub. original
-- - Enc. en un vol. facticio
852 4# - LOCALIZACIÓN
Ubicación ES-MaACL
Número de control de estantería T-64-F-3
Nota libre - Enc. hol., falto de cub. original
-- - Enc. en un vol. facticio
856 4# - LOCALIZACIÓN Y ACCESO ELECTRÓNICOS
Identificador Uniforme de Recursos <a href="https://hemerotecadigital.bne.es/hd/issn/2605-4620 ">https://hemerotecadigital.bne.es/hd/issn/2605-4620 </a>
Nota pública Hemeroteca Digital (1861-62, 1865, 1868)
856 4# - LOCALIZACIÓN Y ACCESO ELECTRÓNICOS
Identificador Uniforme de Recursos <a href="https://bibliotecavirtualmadrid.comunidad.madrid/bvmadrid_publicacion/es/consulta/registro.do?id=22173">https://bibliotecavirtualmadrid.comunidad.madrid/bvmadrid_publicacion/es/consulta/registro.do?id=22173</a>
Nota pública Biblioteca Digital de Madrid (1861, 1865)
Holdings
Estatus retirado Estado de pérdida Estado de daño No para préstamo Colección Biblioteca de origen Biblioteca actual Ubicación en estantería Fecha de adquisición Fuente de adquisición Total de préstamos Signatura topográfica completa Código de barras Visto por última vez Precio de reemplazo Tipo de ítem Koha
        Colección de folletos Biblioteca del Ateneo de Madrid Biblioteca del Ateneo de Madrid Depósito folletos 15/12/2022     T-64-F-3 1205000 23/02/2023 23/02/2023 Folleto
        Colección de folletos Biblioteca del Ateneo de Madrid Biblioteca del Ateneo de Madrid Depósito folletos 17/01/2008     T-60-F-13 1173522 23/02/2023 23/02/2023 Folleto
        Colección de folletos Biblioteca del Ateneo de Madrid Biblioteca del Ateneo de Madrid Depósito folletos 15/12/2022     T-64-F-2 1204999 23/02/2023 23/02/2023 Folleto